000
00308nam a22001337a 4500
008
180308b xxu||||| |||| 00| 0 eng d
020
_a
9780073311227
041
_a
eng
080
_a
330.322
100
_a
51
101
_a
INV
245
_a
Investments analysis and behavior
_c
Hirschey,M
942
_2
udc
_c
BK
999
_c
44452
_d
44452